000 00605nam a2200253Ia 4500
005 20260123164103.0
008 008 260114s9999 xx 000 0 eng d
020 _a9789354433603
037 _aEBOOK
040 _aCRL
040 _beng
040 _cCRL
041 _2eng
041 _aeng
084 _qCRL
100 _aMahalekshmi, T., NAIR, ACHUTHSANKAR S.
_91105768
245 0 _aData Structures in C
260 _bPHI
260 _c2011
856 _uhttps://elibrary.phindia.com/ebooks/reader/9789354433603du
942 _cEBOOK
999 _c1670891
_d1670891